000 00480nam a2200181Ia 4500
001 20975
003 GE_BSU
008 181216s||||||||xx |||||||||||||| ||und||
040 _cGE_BSU
245 _aГеоморфология. №2. 2017.
245 _cГл.ред.Чичагов В.П.
260 _aМосква
260 _c2017
300 _a98 стр. 24см.
653 _aГеоморфология. №2. 2017.
653 _aპერიოდიკა
942 _cCR
999 _c53924
_d53924